| 000 | 01516nam a2200265 a 4500 | ||
|---|---|---|---|
| 008 | 070523s2003 ||||||||||||||||| || u | ||
| 020 | _a0072470267 | ||
| 020 | _a0072942444 (CD-ROM) | ||
| 050 | _aHA 29 Bow | ||
| 100 | _aBowerman, Bruce L | ||
| 245 | 1 | 0 |
_aBusiness statistics in practice.-- 3rd ed. _cBruce L. Bowerman, Richard T. O'Connell |
| 250 | _a3rd ed. | ||
| 260 |
_aBoston _bMcGraw-Hill _c2003 |
||
| 300 | _axxxi, 864p.: ill. + 1 CD-ROM | ||
| 350 | _a0.00 | ||
| 490 | _aIrwin/McGraw-Hill series in operations and decision sciences | ||
| 650 | 3 | _aP0PULATION STATISTICS | |
| 650 | 0 | _aCOMMERCIAL STATISTICS | |
| 700 | _aO'Connell, Richard T | ||
| 995 |
_aANNEX COLLECTION (Main Library) _D0.00 _e737852 _FCBU-MAIN LIBRARY (Kitwe) _H1 _I0.00 _jHA 29 Bow _M2 _UAVAILABLE _WMay 23, 2007 _y54845 _ZAnnex Low-Usage Collection |
||
| 995 |
_aMAIN LIBRARY OPEN ACCESS _D0.00 _e737849 _FCBU-MAIN LIBRARY (Kitwe) _H1 _I0.00 _jHA 29 Bow _M3 _UAVAILABLE _WMay 23, 2007 _y55051 _ZMain Library Open Access Collection |
||
| 995 |
_aMAIN LIBRARY OPEN ACCESS _D0.00 _e737851 _FCBU-MAIN LIBRARY (Kitwe) _H1 _I0.00 _jHA 29 Bow _M4 _UAVAILABLE _WMay 23, 2007 _y54852 _ZMain Library Open Access Collection |
||
| 995 |
_aMAIN LIBRARY OPEN ACCESS _D0.00 _e737850 _FCBU-MAIN LIBRARY (Kitwe) _H1 _I0.00 _jHA 29 Bow _M5 _UAVAILABLE _WMay 23, 2007 _y54853 _ZMain Library Open Access Collection |
||
| 995 |
_aANNEX COLLECTION (Main Library) _D0.00 _e737848 _FCBU-MAIN LIBRARY (Kitwe) _H1 _I0.00 _jHA 29 Bow _M1 _UAVAILABLE _WMay 23, 2007 _y55052 _ZAnnex Low-Usage Collection |
||
| 999 |
_c79071 _d79071 |
||